Statistics for Countries Without First or Last Letter Quiz #14

Click here to take the quiz!

General Stats

  • This quiz has been taken 56 times
  • The average score is 13 of 14

Answer Stats

Countries Without First or Last LettersFull Country Names% Correct
ithuaniLithuania
98%
oroccMorocco
98%
aud rabiSaudi Arabia
98%
roatiCroatia
96%
ortugaPortugal
96%
urkeTurkey
94%
enegaSenegal
92%
out oreSouth Korea
92%
ap erdCape Verde
90%
enmarDenmark
88%
apaJapan
88%
aboGabon
84%
nite tateUnited States
84%
erPeru
82%

Score Distribution

Percentile by Number Answered

Percent of People with Each Score

Your Score History

You have not taken this quiz